Quality control / (Registro nro. 7287)

Detalles MARC
000 -LEADER
fixed length control field 00910pam a2200241 4500
001 - CONTROL NUMBER
control field 1732259
003 - CONTROL NUMBER IDENTIFIER
control field OSt
005 - DATE AND TIME OF LATEST TRANSACTION
control field 20210223095928.0
008 - FIXED-LENGTH DATA ELEMENTS--GENERAL INFORMATION
fixed length control field 740221s1982 sp a gr s001 0 spa
020 ## - INTERNATIONAL STANDARD BOOK NUMBER
International Standard Book Number 9681813154
040 ## - CATALOGING SOURCE
Original cataloging agency DLC
Transcribing agency CO-JMCR
Modifying agency DLC
041 0# - LANGUAGE CODE
Language code of text/sound track or separate title spa
082 04 - DEWEY DECIMAL CLASSIFICATION NUMBER
Classification number 658.562 /
Item number V371c
Edition number 23
100 1# - MAIN ENTRY--PERSONAL NAME
Personal name Vaughn, Richard C.,
Relator term autor
9 (RLIN) 13795
245 10 - TITLE STATEMENT
Title Quality control /
Statement of responsibility, etc. Richard C. Vaughn.
250 ## - EDITION STATEMENT
Edition statement Primera edición
260 ## - PUBLICATION, DISTRIBUTION, ETC.
Place of publication, distribution, etc. México :
Name of publisher, distributor, etc. Limusa,
Date of publication, distribution, etc. 1982
300 ## - PHYSICAL DESCRIPTION
Extent xiv, 233 páginas :
Other physical details ilustraciones y graficas en blanco y negro ;
Dimensions 23 cm.
520 0# - SUMMARY, ETC.
Summary, etc. En esta obra se aborda el interesante tema de control de calidad y el autor lo realiza a base de combinar hábilmente el formato tradicional estadístico con investigaciones estadísticas recientes.
650 14 - SUBJECT ADDED ENTRY--TOPICAL TERM
Topical term or geographic name entry element Control de calidad
9 (RLIN) 11331
650 14 - SUBJECT ADDED ENTRY--TOPICAL TERM
Topical term or geographic name entry element Responsabilidad
General subdivision Control de calidad
9 (RLIN) 13796
942 ## - ADDED ENTRY ELEMENTS (KOHA)
Source of classification or shelving scheme Dewey Decimal Classification
Koha item type Books
Existencias
Withdrawn status Lost status Source of classification or shelving scheme Damaged status Not for loan Home library Current library Shelving location Date acquired Source of acquisition Total Checkouts Full call number Barcode Date last seen Copy number Price effective from Koha item type
    Dewey Decimal Classification     Biblioteca Pública José María del Castillo y Rada Biblioteca Pública José María del Castillo y Rada General Stacks 10/02/2020 Donación   658.562 / V371c 201810588 05/16/2024 Ej.1 10/02/2020 Books